Normal view
MARC view
- Portraits
Entry Topical Term
001 - CONTROL NUMBER
- control field: 121450
003 - CONTROL NUMBER IDENTIFIER
- control field: NUST
005 - DATE AND TIME OF LATEST TRANSACTION
- control field: 20240227113510.0
008 - FIXED-LENGTH DATA ELEMENTS
- fixed length control field: 240227|| aca||aabn | a|a d
040 ## - CATALOGING SOURCE
- Original cataloging agency: NUST
- Transcribing agency: NUST
150 ## - HEADING--TOPICAL TERM
- Topical term or geographic name entry element: Portraits
670 ## - SOURCE DATA FOUND
- Source citation: Work cat.: (NUST): Finger, Brad, author. 121449, 50 portraits you should know /, 2014.
